Punjab Criisis: Context and Trends (Record no. 221279)
[ view plain ]
| 000 -LEADER | |
|---|---|
| fixed length control field | 00790nam a22002537a 4500 |
| 005 - DATE AND TIME OF LATEST TRANSACTION | |
| control field | 20220121091029.0 |
| 008 - FIXED-LENGTH DATA ELEMENTS--GENERAL INFORMATION | |
| fixed length control field | 220121b ||||| |||| 00| 0 eng d |
| 040 ## - CATALOGING SOURCE | |
| Transcribing agency | AL |
| 041 ## - LANGUAGE CODE | |
| Language code of text/sound track or separate title | eng |
| 082 ## - DEWEY DECIMAL CLASSIFICATION NUMBER | |
| Edition number | 23 |
| Classification number | 954.552 |
| Item number | KUMP |
| 100 ## - MAIN ENTRY--PERSONAL NAME | |
| Personal name | Pramod Kumar...[et al.] |
| 100 ## - MAIN ENTRY--PERSONAL NAME | |
| 9 (RLIN) | 14099 |
| 245 ## - TITLE STATEMENT | |
| Title | Punjab Criisis: Context and Trends |
| 260 ## - PUBLICATION, DISTRIBUTION, ETC. | |
| Place of publication, distribution, etc. | Chandigarh |
| Name of publisher, distributor, etc. | Centre For Research in Rural and Industrial Development |
| Date of publication, distribution, etc. | 1984 |
| 300 ## - PHYSICAL DESCRIPTION | |
| Extent | 171 p. |
| Other physical details | PB |
| Dimensions | 22x14 cm. |
| 365 ## - TRADE PRICE | |
| Price amount | 2.50 |
| Currency code | ₹ |
| Unit of pricing | 2.50 |
| 650 ## - SUBJECT ADDED ENTRY--TOPICAL TERM | |
| Topical term or geographic name entry element | Religion and Politics India-Punjab |
| 9 (RLIN) | 14100 |
| 650 ## - SUBJECT ADDED ENTRY--TOPICAL TERM | |
| Topical term or geographic name entry element | Punjab History |
| 9 (RLIN) | 14101 |
| 650 ## - SUBJECT ADDED ENTRY--TOPICAL TERM | |
| Topical term or geographic name entry element | Punjab Ethnic Relations |
| 9 (RLIN) | 14102 |
| 700 ## - ADDED ENTRY--PERSONAL NAME | |
| Personal name | KUMAR (Pramod) |
| 9 (RLIN) | 14103 |
| 700 ## - ADDED ENTRY--PERSONAL NAME | |
| Personal name | SHARMA (Manmohan) |
| 9 (RLIN) | 14104 |
| 700 ## - ADDED ENTRY--PERSONAL NAME | |
| Personal name | SOOD (Atul) |
| 9 (RLIN) | 14105 |
| 700 ## - ADDED ENTRY--PERSONAL NAME | |
| Personal name | HANDA (Ashwani) |
| 9 (RLIN) | 14106 |
| 942 ## - ADDED ENTRY ELEMENTS (KOHA) | |
| Source of classification or shelving scheme | Dewey Decimal Classification |
| Koha item type | George Fernandes Collections |
| Withdrawn status | Lost status | Source of classification or shelving scheme | Damaged status | Not for loan | Collection code | Home library | Current library | Date acquired | Total Checkouts | Full call number | Barcode | Date last seen | Price effective from | Koha item type |
|---|---|---|---|---|---|---|---|---|---|---|---|---|---|---|
| Dewey Decimal Classification | Others | St Aloysius Library | St Aloysius Library | 03/24/2013 | 954.552 KUMP | GF00842 | 01/21/2022 | 01/21/2022 | George Fernandes Collections |